Name the Footballer A-Z (Easy) - Statistics

General Stats
  • This quiz has been taken 1,360 times
  • The average score is 20 of 26
Answer Stats
Name Club Answer % Correct
M Lionel _____ Barcelona (2004-2021) Messi
92%
K Harry ____ Tottenham Hotspur (2009-2023) Kane
91%
R Cristiano _______ Real Madrid (2009-2018) Ronaldo
90%
A Sergio ______ Manchester City (2011-2021) Agüero
89%
N ______ Jr. Barcelona (2013-2017) Neymar
89%
D Didier ______ Chelsea (2004-2012, 2014-2015) Drogba
88%
H Eden ______ Chelsea (2012-2019) Hazard
88%
I Zlatan ___________ Paris Saint-Germain (2012-2016) Ibrahimović
87%
G Steven _______ Liverpool (1998-2015) Gerrard
84%
J Gabriel _____ Manchester City (2017-2022) Jesus
84%
B David _______ Manchester United (1992-2003) Beckham
83%
L Frank _______ Chelsea (2001-2014) Lampard
82%
S Luis ______ Barcelona (2014-2020) Suárez
79%
Z Zinedine ______ Real Madrid (2001-2006) Zidane
79%
E Samuel ___'_ Barcelona (2004-2009) Eto'o
78%
C Eric _______ Manchester United (1992-1997) Cantona
74%
O Michael ____ Liverpool (1996-2004) Owen
72%
P Andrea _____ AC Milan (2001-2011) Pirlo
72%
F Cesc ________ Arsenal (2003-2011) Fabregàs
71%
T Francesco _____ Roma (1993-2017) Totti
70%
V Robin ___ ______ Arsenal (2004-2012) van Persie
69%
W Timo ______ RB Leipzig (2016-2020, 2022-Present) Werner
69%
X ____ Hernández Barcelona (1998-2015) Xavi
67%
Q Ricardo ________ Porto (2004-2008, 2014-2015) Quaresma
57%
Y Ashley _____ Manchester United (2011-2020) Young
56%
U Samuel ______ Barcelona (2016-2023) Umtiti
55%
No matching quizzes found
Score Distribution
Percent of People with Each Score
Percentile by Number Answered
Your Score History
You have not taken this quiz